Praktická příručka podnikového reengineeringu

Na minha lista:
Detalhes bibliográficos
Main Authors: Robson, Mike (Author), Ullah, Philip (Author)
Formato: Livro
Idioma:tcheco
Publicado em: Praha : Management Press, 1998
Assuntos:
Tags: Adicionar Tag
Sem tags, seja o primeiro a adicionar uma tag!

MARC

LEADER 00000nam a22000003a 4500
001 stu84441
005 20150617225636.4
008 040301s1998----xr------------------cze-d
020 |a 80-85943-64-6 
040 |a STU  |b slo 
041 0 |a cze 
044 |a xr 
080 |a 658.012.4 
100 1 |a Robson, Mike  |4 aut 
245 1 |a Praktická příručka podnikového reengineeringu 
260 |a Praha :  |b Management Press,  |c 1998 
300 |a 178 s 
650 7 |a management podnikový  |2 stusub 
700 1 |a Ullah, Philip  |4 aut 
996 |b 284J016829  |c J*94620  |l JJSK  |s A  |a 24  |w stu84441_0001